• 首页
  • 本馆介绍
  • 公告通知
  • 最新文献
  • 馆藏检索
  • 电子资源
  • 读者导购
  • 参考咨询
  • 我的图书馆
  • 登录
  • 详细信息显示
  • 放入我的书架
  • 预约/预借图书
  • 作者相关作品
  • 分类相关作品
  • 丛书相关作品
  • 出版社相关作品

书目信息

  • 表格格式
  • 工作单格式
  • 卡片格式
题名:
工程项目可行性研究理论与实践
    
 
作者: 鸟山正光 著 ;高仲江 译
分册:  
出版信息: 北京   清华大学出版社  1984
页数: 186页
开本: 19cm
丛书名:
单 册:
中图分类: F403.7 , F403.738
科图分类:
主题词: 工业项目-可行性研究 , 本科生研究-工业项目 , 工业经济--经济理论
电子资源:
ISBN:
000 00856nam0 2200289 45
001 0184014026
005 20031225091035.1
010    @dCNY0.80
091    @a15235.101
100    @a19950301d1984 em y0chiy0121 ea
101 1  @achi@cjpn
102    @aCN@b110000
105    @ay z 000yy
106    @ar
200 10 @a工程项目可行性研究理论与实践@Agong cheng xiang mu ke xing xing yan jiuli lun yu shi jian@f(日)鸟山正光著@g高仲江等译
210    @a北京@c清华大学出版社@d1984
215    @a186页@d19cm
606    @a工业项目-可行性研究
606    @a本科生研究-工业项目
606 0  @a工业经济@x经济理论
690    @aF403.7@v3
690    @aF403.738
701  0 @a鸟山正光@Aniao shan zheng guang@c日@4著
702  0 @a高仲江@Agao zhong jiang@4译
801  0 @aCN@b上海图书馆@c20031225
801  2 @aCN@bNLC@c20031225
905    @f1@b107950@dF403.7@e38
    
    工程项目可行性研究理论与实践/(日)鸟山正光著/高仲江等译.-北京:清华大学出版社,1984
    186页;19cm
    
    
    ISBN :CNY0.80
    
●
相关链接 在E读中查询图书 在五车中查询图书 在当当中查询图书 在豆瓣中查询图书


正题名:工程项目可行性研究理论与实践     索取号:F403.7/38         预约/预借

序号 登录号 条形码 馆藏地/架位号 状态 备注
1 0107950   001854194   密集书库/ [索取号:F403.7/38] 在馆    
2 0107951   000208509   第一借阅区/ [索取号:F403.7/38] 在馆    
3 0107952   000208536   第一样本阅览室/ [索取号:F403.7/38] 在馆    
唐山师范学院图书馆 欢迎您!
大连网信软件有限公司© 版权所有